000 00589nam a22002057a 4500
005 20250502102601.0
008 250430b |||||||| |||| 00| 0 eng d
020 _a978-93-95097-14-7
_cRs.700.00
040 _aLoreto College
041 _aEnglish
082 _a891.443
_bMAJ
245 _aLila Majumdar rachanasamagra Vol.11
_cLila Majumdar Edited by Soma Mukhopadhyay and Sugata Ray
260 _aKolkata
_bLalmati
_g2018
300 _a631p.
_b23cm.
650 _aBengali fiction
700 _4ed.
_aMukhopadhyay,Soma
700 _4ed.
_aRay,Sugata
850 _aLCLIB
942 _cBK
999 _c44060
_d94539